Biblioteca
Vista normal Vista MARC
  • Psicología de la salud

Entrada Tema o Materia

Número de registros utilizados en: 3

001 - NUMERO DE CONTROL

  • Campo de control: 7259

003 - IDENTIFICADOR DEL NUMERO DE CONTROL

  • Campo de control: SpMaBN

005 - HORA Y FECHA DE LA ULTIMA TRANSACCIÓN

  • Campo de control: 20220708172039.0

008 - CAMPO DE LONGITUD FIJA

  • Campo fijo de descripción fija: 001219dn anznnbabn |a ana

016 ## -

  • : BNE20004396631

024 7# -

  • : http://id.loc.gov/authorities/subjects/sh86007745
  • : lcsh

024 7# -

  • : http://data.bnf.fr/ark:/12148/cb125632077
  • : rameau

024 7# -

  • : http://lemac.sgcb.mcu.es/Autoridades/LEMAC201207216/concept
  • : lemac

040 ## -

  • : SpMaBN
  • : spa
  • : SpMaBN
  • : rdc
  • : embne

042 ## -

  • : 200101251348PCMPBC BNEP 00

080 ## -

  • : 159.9:61
  • : mrf12

150 ## - ENCABEZAMIENTO DE MATERIA-TEMA

  • Téma o Materia: Psicología de la salud

450 ## - REFERENCIA DE ENVIO “VEASE” - MATERIA

  • Encabezamiento temático : Psicología clínica de la salud

550 ## - REFERENCIA DE ENVIO "VEASE ADEMAS" - MATERIA

  • Subcampo de control: g
  • Encabezamiento temático o nombre geográfico como elemento de entrada: Psicología clínica

550 ## - REFERENCIA DE ENVIO "VEASE ADEMAS" - MATERIA

  • Subcampo de control: g
  • Encabezamiento temático o nombre geográfico como elemento de entrada: Psicología médica

670 ## - FUENTE EN LA QUE SE LOCALIZARON DATOS

  • Cita de la fuente : LCSH
  • Información localizada : (Clinical health psychology)

670 ## - FUENTE EN LA QUE SE LOCALIZARON DATOS

  • Cita de la fuente : UCM
  • Información localizada : (Psicología clínica de la salud)

670 ## - FUENTE EN LA QUE SE LOCALIZARON DATOS

  • Cita de la fuente : RAMEAU
  • Información localizada : (Psychologie de la santé)

680 ## - Nota general pública

  • Texto explicativo: Úsase para obras sobre la aplicación de métodos psicológicos para la promoción y mantenimiento de la salud física y mental y para la prevención y tratamiento de trastornos mentales o físicos de influencia psicológica

750 #7 - ASIENTO LIGADO AL ENCABEZAMIENTO - TEMATICO

  • Encabezamiento temático : Psychologie de la santé
  • Source of heading or term: rameau

750 #7 - ASIENTO LIGADO AL ENCABEZAMIENTO - TEMATICO

  • Encabezamiento temático : Clinical health psychology
  • Source of heading or term: lcsh

750 #7 - ASIENTO LIGADO AL ENCABEZAMIENTO - TEMATICO

  • Encabezamiento temático : Psicologia de la salut
  • Source of heading or term: lemac

901 ## -

  • : LAEMBNE

Biblioteca FUSBC | Teléfono: (57+4) 349 88 10 Ext. 141| WhatsApp (+57) 3005338115 
E-mail: biblioteca@unisbc.edu.co | Calle 76 87-14 Robledo Palenque, Medellín, Colombia

Con tecnología Koha